[Event "NOR-chB"]
[Site "Oslo"]
[Date "2015.07.06"]
[Round "3"]
[White "Merkesvik, Sondre"]
[Black "Horda, Carl Eric"]
[Result "1-0"]
[WhiteElo "2113"]
[BlackElo "2038"]
[PlyCount "61"]
[EventDate "2015.07.04"]
[EventType "swiss"]
[EventRounds "9"]
[EventCountry "NOR"]
[SourceTitle "EXT 2017"]
[Source "ChessBase"]
[SourceDate "2016.10.25"]
[SourceVersion "1"]
[SourceVersionDate "2016.10.25"]
[SourceQuality "1"]

1. Nf3 e6 2. c4 f5 3. g3 Nf6 4. Bg2 Be7 5. Nc3 0-0 6. 0-0 d6 7. d4 Ne4 8. Nd2 Nxd2 9. Qxd2 e5 10. e4 Nc6 11. dxe5 dxe5 12. Qxd8 Bxd8 13. f4 Be6 14. b3 Bf6 15. exf5 exf4 16. fxe6 Bxc3 17. Bxf4 Bd4+ 18. Kh1 Bxa1 19. Rxa1 a5 20. Bxc7 a4 21. b4 Nxb4 22. Bd6 Nc2 23. Bxf8 Kxf8 24. Rb1 Rc8 25. Rxb7 Rxc4 26. e7+ Ke8 27. Bf1 Rc5 28. Bb5+ Rxb5 29. Rxb5 Kxe7 30. Rb2 Na1 31. Rd2 1-0